[Event "MCRE_PF14"]
[Site "?"]
[Date "2004.??.??"]
[Round "?"]
[White "Houska, Jiri"]
[Black "Paulik, Vaclav"]
[Result "1-0"]
[WhiteElo "2180"]
[BlackElo "2175"]
[PlyCount "99"]
[EventDate "2004.??.??"]
[EventType "corr"]

1. d4 Nf6 2. c4 g6 3. Nc3 d5 4. Nf3 Bg7 5. Qb3 dxc4 6. Qxc4 O-O 7. e4 a6 8. e5
b5 9. Qb3 Nfd7 10. h4 c5 11. e6 c4 12. Qd1 Nb6 13. exf7+ Rxf7 14. h5 Nc6 15.
hxg6 hxg6 16. Be3 Bg4 17. Be2 Nb4 18. a3 Bxf3 19. gxf3 N4d5 20. Qc2 Rf5 21. f4
Nxf4 22. Bxf4 Rxf4 23. O-O-O Rf6 24. Ne4 Rf4 25. Rhg1 Qe8 26. Nc5 Rf6 27. Bg4
Rd8 28. Be6+ Kf8 29. d5 Na4 30. Ne4 Rxe6 31. dxe6 Bxb2+ 32. Kb1 Rxd1+ 33. Qxd1
Bg7 34. Rg3 Kg8 35. Qg4 Nb6 36. Nc5 Nd5 37. Nd7 Nf6 38. Nxf6+ Bxf6 39. Qxg6+
Qxg6+ 40. Rxg6+ Kf8 41. Rg4 Be5 42. Rg5 Bf6 43. Rg1 Be5 44. Ka2 Bd6 45. f3 Bc5
46. Rd1 Bb6 47. Rd7 Kg7 48. Rxe7+ Kf6 49. Rb7 Bc5 50. e7 1-0

[Event "MCRE_PF14"]
[Site "?"]
[Date "2004.??.??"]
[Round "?"]
[White "Pravec, Ladislav"]
[Black "Houska, Jiri"]
[Result "1/2-1/2"]
[WhiteElo "2302"]
[BlackElo "2200"]
[PlyCount "98"]
[EventDate "2004.??.??"]
[EventType "corr"]

1. d4 Nf6 2. c4 g6 3. Nc3 Bg7 4. e4 d6 5. Be2 O-O 6. Nf3 e5 7. O-O Nc6 8. d5
Ne7 9. b4 a5 10. b5 Nd7 11. Nd2 f5 12. f3 f4 13. Rb1 b6 14. Qc2 g5 15. Nd1 h5
16. a4 Rf6 17. Nb3 Rg6 18. c5 Nxc5 19. Nxc5 dxc5 20. Bb2 Bd7 21. Nf2 Nc8 22. h3
Nd6 23. Rbc1 Bf6 24. Ra1 Qe7 25. Rfd1 Kf7 26. Kf1 Rag8 27. Rdc1 Ke8 28. Ra3 Kd8
29. Bd1 Qg7 30. Rb3 g4 31. fxg4 Bh4 32. Nd3 hxg4 33. Bxg4 Rg5 34. Bf3 c4 35.
Ra3 Ke7 36. Nxf4 Qf6 37. Qd2 Qxf4 38. Qxf4 exf4 39. e5 Nxb5 40. axb5 Bxb5 41.
Bc3 Kd8 42. Rc2 Rg3 43. Rb2 Ba6 44. Ra4 Be7 45. d6 Bf8 46. Kf2 Bg7 47. Bxa5
Bxe5 48. dxc7+ Kd7 49. Rxb6 Bd4+ 1/2-1/2

[Event "MCRE_PF14"]
[Site "?"]
[Date "2004.??.??"]
[Round "?"]
[White "Ksir, Bohumir"]
[Black "Paulik, Vaclav"]
[Result "1/2-1/2"]
[WhiteElo "2145"]
[BlackElo "2175"]
[PlyCount "75"]
[EventDate "2004.??.??"]
[EventType "corr"]

1. e4 c5 2. Nf3 Nc6 3. d4 cxd4 4. Nxd4 Nf6 5. Nc3 e5 6. Ndb5 d6 7. Bg5 a6 8.
Na3 b5 9. Bxf6 gxf6 10. Nd5 f5 11. Bd3 Be6 12. O-O Bg7 13. Qh5 f4 14. Rfd1 O-O
15. c3 Rb8 16. Nc2 Qd7 17. h3 f5 18. Ndb4 Nxb4 19. Nxb4 a5 20. exf5 Bf7 21. Qh4
h5 22. Qg5 axb4 23. f6 Be6 24. Qxg7+ Qxg7 25. fxg7 Kxg7 26. cxb4 h4 27. Be4
Rfd8 28. Bd5 Kf6 29. Kf1 Rdc8 30. Rd2 Bxd5 31. Rxd5 Ke6 32. Rad1 Rb6 33. R1d2
Rc4 34. a3 Rc1+ 35. Ke2 Rg1 36. Kf3 Re1 37. Kg4 Rg1 38. Kf3 1/2-1/2

[Event "MCRE_PF14"]
[Site "?"]
[Date "2004.??.??"]
[Round "?"]
[White "Pravec, Ladislav"]
[Black "Nigrin, Jiri"]
[Result "1-0"]
[WhiteElo "2302"]
[BlackElo "2125"]
[PlyCount "91"]
[EventDate "2004.??.??"]
[EventType "corr"]

1. d4 Nf6 2. c4 g6 3. Nc3 d5 4. cxd5 Nxd5 5. e4 Nxc3 6. bxc3 c5 7. Bb5+ Bd7 8.
Be2 Bg7 9. Nf3 cxd4 10. cxd4 Bc6 11. Qd3 f5 12. exf5 Qa5+ 13. Bd2 Qxf5 14. Qxf5
gxf5 15. O-O Bd5 16. Ne5 Nc6 17. Bh5+ Kf8 18. Rfe1 Rd8 19. Bg5 Bxe5 20. dxe5
Kg7 21. e6 Rd6 22. Bf7 Bc4 23. a4 Rhd8 24. h3 h6 25. Bc1 Rd5 26. Bb2+ Kh7 27.
Rac1 Rd2 28. Ba3 b5 29. axb5 Bxb5 30. Rc5 a6 31. Rxf5 R8d3 32. Bc5 Rd5 33. Rxd5
Rxd5 34. Ba3 Rd3 35. Bc1 Bc4 36. Bh5 a5 37. f4 a4 38. f5 a3 39. f6 exf6 40. e7
Nxe7 41. Rxe7+ Kh8 42. Rc7 Bg8 43. Bxh6 a2 44. Bg7+ Kh7 45. Bxf6+ Kh6 46. Be2
1-0

[Event "MCRE_PF14"]
[Site "?"]
[Date "2004.??.??"]
[Round "?"]
[White "Ksir, Bohumir"]
[Black "Pytlik, Lesek"]
[Result "1/2-1/2"]
[WhiteElo "2145"]
[BlackElo "2260"]
[PlyCount "93"]
[EventDate "2004.??.??"]
[EventType "corr"]

1. e4 e6 2. d4 d5 3. Nd2 c5 4. Ngf3 Nc6 5. Bb5 a6 6. exd5 axb5 7. dxc6 bxc6 8.
dxc5 Bxc5 9. Qe2 Nf6 10. Nb3 Bd6 11. O-O Qc7 12. Rd1 Nd5 13. Nbd2 O-O 14. c4
Nf4 15. Qe4 f5 16. Qc2 Ne2+ 17. Kh1 e5 18. Nf1 Nxc1 19. Raxc1 e4 20. Nd4 Bf4
21. Ra1 Qf7 22. cxb5 cxb5 23. Nxb5 Rxa2 24. Rxa2 Qxa2 25. Nd4 Bg5 26. Kg1 Bf6
27. h3 Re8 28. Ne3 f4 29. Qc6 Qf7 30. Nd5 Be5 31. Qc5 Bb7 32. Nc6 Kh8 33. b4
Qh5 34. Re1 Bxc6 35. Qxc6 e3 36. fxe3 fxe3 37. Qc4 e2 38. Nf4 Bxf4 39. Qxf4 Qd5
40. Qf3 Qb5 41. Qf2 Qd7 42. Qc5 Qd1 43. Qf2 Kg8 44. b5 Re6 45. b6 Rxb6 46. Qxe2
Qxe2 47. Rxe2 1/2-1/2

[Event "MCRE_PF14"]
[Site "?"]
[Date "2004.??.??"]
[Round "?"]
[White "Houska, Jiri"]
[Black "Nigrin, Jiri"]
[Result "1-0"]
[WhiteElo "2180"]
[BlackElo "2121"]
[PlyCount "87"]
[EventDate "2004.??.??"]
[EventType "corr"]

1. d4 Nf6 2. c4 g6 3. Nc3 d5 4. Nf3 Bg7 5. Qb3 dxc4 6. Qxc4 O-O 7. e4 a6 8. e5
Nfd7 9. Be3 Nb6 10. Qc5 c6 11. h4 Bg4 12. Ng5 h6 13. f3 Bf5 14. g4 Bc8 15. Nge4
Be6 16. h5 N8d7 17. Qa3 Nd5 18. Nxd5 cxd5 19. Ng3 g5 20. Nf5 Bxf5 21. gxf5 b5
22. f4 f6 23. e6 Nb6 24. b3 Qc7 25. Rc1 Qb7 26. Bg2 Rac8 27. Ke2 Kh7 28. Rxc8
Rxc8 29. Rc1 Rb8 30. Rc5 g4 31. Qc1 Rc8 32. Kf2 Bh8 33. Kg3 Qb8 34. Bxd5 Rg8
35. Bg2 Qe8 36. Rc7 Nc8 37. Qc6 Qxc6 38. Bxc6 Nd6 39. Rxe7+ Bg7 40. Kxg4 Kh8
41. Rd7 Bf8+ 42. Kf3 Nxf5 43. Be4 Rg3+ 44. Kf2 1-0

[Event "MCRE_PF14"]
[Site "?"]
[Date "2004.??.??"]
[Round "?"]
[White "Nigrin, Jiri"]
[Black "Houska, Jiri"]
[Result "0-1"]
[WhiteElo "2121"]
[BlackElo "2180"]
[PlyCount "108"]
[EventDate "2004.??.??"]
[EventType "corr"]

1. d4 Nf6 2. c4 g6 3. Nc3 Bg7 4. e4 d6 5. f4 O-O 6. Nf3 c5 7. d5 e6 8. dxe6
fxe6 9. Bd3 Nc6 10. O-O Nd4 11. Kh1 Bd7 12. Bd2 Bc6 13. a3 Nh5 14. Nxd4 cxd4
15. Ne2 e5 16. b4 b6 17. b5 Bb7 18. Qb3 Kh8 19. Qc2 Qe7 20. Rf3 exf4 21. Nxf4
Nxf4 22. Rxf4 Be5 23. Rf3 Rxf3 24. gxf3 Qh4 25. Bb4 Rf8 26. Rf1 Bc8 27. Qe2 Bg4
28. Kg1 Bh3 29. Rf2 Qg5+ 30. Kh1 Bf4 31. Bd2 Bxd2 32. Qxd2 Qxd2 33. Rxd2 Rxf3
34. Kg1 Kg7 35. Be2 Re3 36. Kf2 Rxe4 37. Kg3 Be6 38. Bf3 Re3 39. Rxd4 Rxa3 40.
Kf2 Ra2+ 41. Kg3 Rc2 42. Rxd6 Bxc4 43. Rd7+ Kh6 44. Rxa7 Bxb5 45. Rb7 Rc3 46.
Rxb6 Be2 47. Rf6 Kg5 48. Rf7 Rxf3+ 49. Rxf3 Bxf3 50. Kxf3 Kh4 51. Kg2 Kg4 52.
Kf2 Kh3 53. Kg1 h6 54. Kh1 g5 0-1

[Event "MCRE_PF14"]
[Site "?"]
[Date "2004.??.??"]
[Round "?"]
[White "Pytlik, Lesek"]
[Black "Paulik, Vaclav"]
[Result "1-0"]
[WhiteElo "2316"]
[BlackElo "2175"]
[PlyCount "73"]
[EventDate "2004.??.??"]
[EventType "corr"]

1. e4 c5 2. Nf3 Nc6 3. Bb5 g6 4. Bxc6 dxc6 5. d3 Bg7 6. h3 Nf6 7. Nc3 O-O 8.
Be3 Qb6 9. Rb1 Nd7 10. Qd2 Rd8 11. O-O Qc7 12. Ne2 c4 13. d4 e5 14. Bg5 Re8 15.
Bh6 Bf6 16. Rfe1 exd4 17. Nexd4 Bh8 18. Bf4 Qb6 19. a4 Nf6 20. Be5 Qc5 21. b4
cxb3 22. Nxb3 Qc4 23. Na5 Qxa4 24. Nxb7 Bxb7 25. Rxb7 Qc4 26. Qd6 Qa6 27. Qc7
Qc4 28. Ng5 Rf8 29. Qa5 h6 30. Nf3 Rfe8 31. Qa1 Re6 32. Bc3 a5 33. Ne5 Qa6 34.
Rxf7 Ne8 35. Rd7 Bxe5 36. Bxe5 Qc4 37. f4 1-0

[Event "MCRE_PF14"]
[Site "?"]
[Date "2004.??.??"]
[Round "?"]
[White "Cedrych, Karel"]
[Black "Pytlik, Lesek"]
[Result "0-1"]
[WhiteElo "2164"]
[BlackElo "2316"]
[PlyCount "170"]
[EventDate "2004.??.??"]
[EventType "corr"]

1. e4 e6 2. d4 d5 3. Nc3 Bb4 4. e5 c5 5. a3 Bxc3+ 6. bxc3 Ne7 7. Qg4 Qc7 8.
Qxg7 Rg8 9. Qxh7 cxd4 10. Ne2 Nbc6 11. f4 Bd7 12. Qd3 dxc3 13. Nxc3 Nf5 14. Nb5
Qd8 15. Kd1 a6 16. Nc3 Qh4 17. Ne2 Nce7 18. Rb1 Bc6 19. g3 Qh5 20. Bg2 Nh4 21.
Rg1 Nxg2 22. Rxg2 Bb5 23. Rxb5 axb5 24. Qxb5+ Kf8 25. Qxb7 Re8 26. Qa7 Qg4 27.
Rf2 Nf5 28. Qc5+ Kg7 29. Qc3 Kh8 30. Qf3 Qh3 31. Ng1 Qh7 32. Qe2 Rb8 33. Nf3
Qg6 34. Qd3 Qh5 35. c3 Rb3 36. Ke1 Rc8 37. Rc2 Kg7 38. Nd2 Rb6 39. Nf1 Qh3 40.
Rb2 Rxb2 41. Bxb2 Rc4 42. Qd2 Qh8 43. Kd1 Re4 44. Qd3 Qa8 45. Bc1 Qa4+ 46. Kd2
Qa7 47. Kd1 Kg8 48. h4 Qf2 49. Bd2 Kh8 50. g4 Nxh4 51. Qh3 Kg7 52. Be3 Rxe3 53.
Nxe3 Nf3 54. Nf1 d4 55. cxd4 Qxd4+ 56. Kc2 Qc4+ 57. Kb2 Ne1 58. Ka1 Qc1+ 59.
Ka2 Qc2+ 60. Ka1 Nd3 61. Qh2 Qd1+ 62. Ka2 Qxf1 63. Qc2 Nxf4 64. a4 Nd5 65. Qd2
Qc4+ 66. Kb2 Qxa4 67. Qg5+ Kf8 68. Qh6+ Ke8 69. Qh8+ Kd7 70. Qg7 Qf4 71. g5
Qd2+ 72. Ka1 Kc6 73. Qxf7 Qc3+ 74. Kb1 Qxe5 75. g6 Qe1+ 76. Kc2 Qe2+ 77. Kb3
Qd3+ 78. Kb2 Qd2+ 79. Ka1 Kb5 80. Qe8+ Kb4 81. Qb8+ Kc4 82. Qc8+ Kb3 83. Qb7+
Qb4 84. Qxb4+ Kxb4 85. g7 Nf6 0-1

[Event "MCRE_PF14"]
[Site "?"]
[Date "2004.??.??"]
[Round "?"]
[White "Paulik, Vaclav"]
[Black "Pytlik, Lesek"]
[Result "1/2-1/2"]
[WhiteElo "2175"]
[BlackElo "2316"]
[PlyCount "100"]
[EventDate "2004.??.??"]
[EventType "corr"]

1. e4 e6 2. d4 d5 3. e5 c5 4. c3 Nc6 5. Nf3 Qb6 6. a3 a5 7. Bd3 Bd7 8. Bc2 h5
9. O-O Nh6 10. b3 Be7 11. dxc5 Bxc5 12. Bf4 Ng4 13. Qe2 f6 14. exf6 gxf6 15. h3
e5 16. Bg3 Nh6 17. Nh4 Ne7 18. Nd2 Nf7 19. b4 Bd6 20. c4 Qa6 21. b5 Qb6 22.
cxd5 Bxb5 23. Bd3 Bxd3 24. Qxd3 Qd4 25. Qb5+ Kf8 26. Rfd1 Rd8 27. Nc4 Qa7 28.
Rab1 Rg8 29. Nxd6 Nxd6 30. Qd3 b5 31. Qf3 Kg7 32. Re1 Ng6 33. Nxg6 Kxg6 34.
Bxe5 fxe5 35. Rxe5 Qf7 36. Qxh5+ Kg7 37. Qh4 Qf6 38. Re7+ Nf7 39. Qxf6+ Kxf6
40. Re6+ Kg7 41. Rxb5 Ra8 42. g4 Rgb8 43. Rxb8 Rxb8 44. Ra6 Rb5 45. d6 Rb3 46.
Rxa5 Rxh3 47. d7 Rd3 48. f4 Rd4 49. Ra7 Kf6 50. g5+ Kf5 1/2-1/2

[Event "MCRE_PF14"]
[Site "?"]
[Date "2004.??.??"]
[Round "?"]
[White "Paulik, Vaclav"]
[Black "Rotter, Walter"]
[Result "1-0"]
[WhiteElo "2175"]
[BlackElo "2120"]
[PlyCount "85"]
[EventDate "2004.??.??"]
[EventType "corr"]

1. e4 e5 2. Nf3 Nc6 3. Bb5 a6 4. Ba4 Nf6 5. d4 Be7 6. d5 Nb8 7. Nxe5 Nxe4 8.
Nd3 O-O 9. O-O b5 10. Bb3 d6 11. Qf3 f5 12. Nd2 Ng5 13. Qh5 g6 14. Qd1 Bf6 15.
Nf3 Ne4 16. Be3 a5 17. a4 b4 18. Nd4 Re8 19. Re1 Bd7 20. Rb1 Qc8 21. f3 Ng5 22.
Qd2 Nf7 23. c3 Qb7 24. Ne6 Na6 25. Ndf4 Re7 26. Bd4 Be5 27. Nd3 bxc3 28. bxc3
Bxd4+ 29. cxd4 Nb4 30. Bc4 Qc8 31. Nxb4 axb4 32. Rxb4 Rxa4 33. Rxa4 Bxa4 34.
Ra1 Be8 35. g4 c5 36. dxc5 Ne5 37. Be2 dxc5 38. Qe3 Nf7 39. gxf5 Nd6 40. f6 Nf5
41. Qe5 Rb7 42. d6 Bf7 43. Nxc5 1-0

[Event "MCRE_PF14"]
[Site "?"]
[Date "2004.??.??"]
[Round "?"]
[White "Pytlik, Lesek"]
[Black "Ksir, Bohumir"]
[Result "1-0"]
[WhiteElo "2316"]
[BlackElo "2145"]
[PlyCount "76"]
[EventDate "2004.??.??"]
[EventType "corr"]

1. e4 c6 2. Nf3 d5 3. Nc3 Bg4 4. h3 Bxf3 5. Qxf3 e6 6. Be2 d4 7. Nb1 Nd7 8. d3
Bd6 9. O-O Ngf6 10. Bd1 O-O 11. Qe2 Qc7 12. f4 Be7 13. Nd2 c5 14. a4 Nb8 15.
Nc4 Nfd7 16. e5 Nc6 17. Qe4 Nb6 18. Nxb6 axb6 19. c4 f5 20. exf6 Rxf6 21. Bg4
Qd7 22. f5 Qd6 23. Bf4 e5 24. Bd2 Kh8 25. b3 Rff8 26. g3 Qd8 27. h4 Qc7 28.
Rae1 Rf7 29. Bh5 Rf6 30. g4 Rg8 31. g5 Rff8 32. Bf3 Na5 33. Rb1 Qd7 34. Bg2 Bd6
35. g6 hxg6 36. fxg6 Qe6 37. Kh2 Qe8 38. Qg4 e4+ 1-0

[Event "MCRE_PF14"]
[Site "?"]
[Date "2004.??.??"]
[Round "?"]
[White "Nigrin, Jiri"]
[Black "Rotter, Walter"]
[Result "1/2-1/2"]
[WhiteElo "2121"]
[BlackElo "2120"]
[PlyCount "94"]
[EventDate "2004.??.??"]
[EventType "corr"]

1. d4 Nf6 2. c4 g6 3. Nc3 d5 4. cxd5 Nxd5 5. Na4 Bg7 6. e4 Nb6 7. Be3 O-O 8.
Nf3 Bg4 9. Nc5 Nc6 10. Nxb7 Qb8 11. Ba6 Nb4 12. Nc5 Nxa6 13. Nxa6 Qc8 14. Nb4
c5 15. dxc5 Nc4 16. Rc1 Nxe3 17. fxe3 Bxb2 18. Rc2 Be5 19. Qd5 Bf6 20. O-O a5
21. e5 Be6 22. Qd2 Bxe5 23. Nxe5 axb4 24. Qxb4 f6 25. Nc4 Qc6 26. Na5 Qc7 27.
Nb3 Ra6 28. Nd4 Bf7 29. Nb5 Qa5 30. a3 Rb8 31. Rb1 Be8 32. a4 Qxa4 33. Qxa4
Rxa4 34. c6 Rc8 35. c7 Kf7 36. Nd4 Ra7 37. Rbc1 e5 38. Nf3 Ke7 39. g4 g5 40.
Kf2 h5 41. gxh5 Bxh5 42. h4 Bxf3 43. Kxf3 gxh4 44. Kg4 Ra3 45. Re2 Rd3 46. Kf5
h3 47. Rc6 Rd1 1/2-1/2

[Event "MCRE_PF14"]
[Site "?"]
[Date "2004.??.??"]
[Round "?"]
[White "Rotter, Walter"]
[Black "Nigrin, Jiri"]
[Result "0-1"]
[WhiteElo "2120"]
[BlackElo "2121"]
[PlyCount "89"]
[EventDate "2004.??.??"]
[EventType "corr"]

1. d4 Nf6 2. c4 g6 3. Nf3 Bg7 4. g3 d5 5. Bg2 dxc4 6. O-O c6 7. Nbd2 b5 8. a4
O-O 9. Ne5 Nd5 10. e4 Nb4 11. Nb1 a6 12. Nf3 Nd3 13. e5 Bg4 14. Nbd2 Ra7 15. h3
Bf5 16. g4 Be6 17. Qc2 Nf4 18. Ne4 Nxg2 19. Kxg2 Bd5 20. Bf4 b4 21. Ned2 Rd7
22. Kg3 c5 23. dxc5 Nc6 24. Rad1 f5 25. g5 c3 26. bxc3 bxc3 27. Nb3 Bxf3 28.
Kxf3 Nb4 29. Qe2 Rd3+ 30. Rxd3 Nxd3 31. Nc1 Qd5+ 32. Kg3 Nxf4 33. Kxf4 Qxc5 34.
Kg3 Qxe5+ 35. Qxe5 Bxe5+ 36. Kf3 Rc8 37. Ke3 Bg7 38. Ne2 c2 39. Kd2 Bb2 40. Nc1
Bxc1+ 41. Kxc1 e5 42. Re1 e4 43. Re3 Kf7 44. Rb3 Rc6 45. Rb7+ 0-1

[Event "MCRE_PF14"]
[Site "?"]
[Date "2004.??.??"]
[Round "?"]
[White "Ksir, Bohumir"]
[Black "Rotter, Walter"]
[Result "0-1"]
[WhiteElo "2145"]
[BlackElo "2120"]
[PlyCount "86"]
[EventDate "2004.??.??"]
[EventType "corr"]

1. d4 Nf6 2. c4 g6 3. Nc3 Bg7 4. e4 d6 5. Nf3 O-O 6. Be2 Na6 7. O-O c6 8. Be3
e5 9. d5 Ng4 10. Bg5 f6 11. Bh4 Qd7 12. a3 Nh6 13. dxc6 bxc6 14. b4 Nc7 15. Qd2
Nf7 16. b5 h5 17. h3 g5 18. Bg3 Bh6 19. Qd3 cxb5 20. cxb5 Bb7 21. Rfd1 h4 22.
Bh2 Rfd8 23. a4 Bg7 24. a5 f5 25. exf5 e4 26. Nxe4 Bxe4 27. Qxe4 Bxa1 28. Rxa1
Re8 29. Qc2 Rxe2 30. Qxe2 Qxf5 31. Nd4 Qd5 32. Qd3 Ne6 33. Qg6+ Ng7 34. Rd1 Re8
35. Qb1 Qc5 36. a6 Kf8 37. Qd3 Rb8 38. Nb3 Qb4 39. Nd4 Qc5 40. Qf3 Kg8 41. Nc6
Re8 42. Qd3 Re6 43. Qd5 Qxd5 0-1

[Event "MCRE_PF14"]
[Site "?"]
[Date "2004.??.??"]
[Round "?"]
[White "Ksir, Bohumir"]
[Black "Nigrin, Jiri"]
[Result "1-0"]
[WhiteElo "2145"]
[BlackElo "2121"]
[PlyCount "115"]
[EventDate "2004.??.??"]
[EventType "corr"]

1. d4 Nf6 2. c4 g6 3. Nc3 d5 4. cxd5 Nxd5 5. e4 Nxc3 6. bxc3 c5 7. Nf3 Bg7 8.
Rb1 O-O 9. Be2 Qa5 10. O-O Qxc3 11. Bd2 Qa3 12. Qc2 Bd7 13. dxc5 Ba4 14. Qc4
Bc6 15. Nd4 Bxd4 16. Qxd4 Nd7 17. Rfc1 e5 18. Qc4 Nb8 19. Bb4 Qa4 20. Rc3 Qa6
21. Qxa6 Nxa6 22. Bxa6 bxa6 23. f3 Rfd8 24. Ra3 Bb5 25. Ra5 Rac8 26. a4 Bd3 27.
Rd1 f5 28. c6 Rxc6 29. Rxe5 Rc4 30. Be7 Rd7 31. exf5 Rxa4 32. f6 Kf7 33. g4 Bb5
34. Rxd7 Bxd7 35. Kf2 h6 36. h4 Rc4 37. Kg3 Be6 38. g5 hxg5 39. hxg5 Rc3 40.
Ra5 Rb3 41. Rxa6 Rb7 42. Kf4 Bc8 43. Ra2 Be6 44. Ra1 Rc7 45. Ke5 Rd7 46. Bd6
Rb7 47. Bc5 Rd7 48. Kf4 Rb7 49. Bxa7 Rb4+ 50. Kg3 Rb5 51. Be3 Bd5 52. Rh1 Rb7
53. Rh6 Rd7 54. Bc5 Rb7 55. Kf4 Bc6 56. Ke5 Rd7 57. Bd6 Rb7 58. Rh7+ 1-0

[Event "MCRE_PF14"]
[Site "?"]
[Date "2004.??.??"]
[Round "?"]
[White "Rotter, Walter"]
[Black "Paulik, Vaclav"]
[Result "1-0"]
[WhiteElo "2074"]
[BlackElo "2175"]
[PlyCount "109"]
[EventDate "2004.??.??"]
[EventType "corr"]

1. d4 Nf6 2. c4 g6 3. Nc3 d5 4. Nf3 Bg7 5. cxd5 Nxd5 6. Qb3 Nxc3 7. bxc3 c5 8.
e3 O-O 9. Bb2 Nc6 10. Be2 cxd4 11. cxd4 Be6 12. Qa3 Bd5 13. O-O Qc7 14. Rfc1
Rfd8 15. Ne5 Qd6 16. Qxd6 Rxd6 17. Ba3 Bxe5 18. dxe5 Rd7 19. Bg4 Rdd8 20. Bb2
h6 21. a4 Be4 22. Bc3 Rab8 23. Be2 Rd5 24. Bc4 Rc5 25. Bb2 Bd5 26. Bb5 Rxc1+
27. Rxc1 Kf8 28. f3 a6 29. Be2 Bb3 30. Bxa6 Bxa4 31. Be2 Rd8 32. Kf1 Rd2 33.
Bc3 Ra2 34. Bc4 Ra3 35. Bb2 Rxe3 36. Kf2 Rxe5 37. Bxe5 Nxe5 38. Be2 e6 39. f4
Nd7 40. Bf3 b5 41. Rc7 Nb6 42. g4 Kg7 43. Bc6 g5 44. Be8 Kf8 45. fxg5 hxg5 46.
Bxf7 Nd5 47. Rb7 Nf4 48. Bh5 e5 49. Ke3 b4 50. Rf7+ Kg8 51. Rf5 Ng2+ 52. Kf2
Nf4 53. Rxg5+ Kh8 54. Ke3 b3 55. Bf7 1-0

[Event "MCRE_PF14"]
[Site "?"]
[Date "2004.??.??"]
[Round "?"]
[White "Nigrin, Jiri"]
[Black "Ksir, Bohumir"]
[Result "0-1"]
[WhiteElo "2121"]
[BlackElo "2145"]
[PlyCount "108"]
[EventDate "2004.??.??"]
[EventType "corr"]

1. e4 e6 2. d4 d5 3. exd5 exd5 4. Nf3 Bd6 5. c4 Nf6 6. Nc3 c6 7. c5 Bc7 8. Qe2+
Be6 9. Ng5 Qe7 10. Nxe6 fxe6 11. f4 b6 12. cxb6 Bxb6 13. Be3 O-O 14. g3 c5 15.
dxc5 Bxc5 16. Bxc5 Qxc5 17. Qb5 Qd6 18. Rd1 Nbd7 19. Bh3 Rab8 20. Qe2 Nc5 21.
O-O Qb6 22. Qe3 Nce4 23. Qxb6 Rxb6 24. Nxe4 Nxe4 25. b3 Ra6 26. Rc1 g5 27. Rc2
gxf4 28. Rxf4 e5 29. Rxf8+ Kxf8 30. Bf5 Ng5 31. Kg2 h6 32. h4 Nf7 33. a4 Nd6
34. Be6 d4 35. Rc7 e4 36. Kf2 e3+ 37. Ke2 Ne4 38. Bc4 Rf6 39. Kd3 Nxg3 40. Rxa7
Rf4 41. Ra8+ Ke7 42. Rg8 Nf5 43. a5 Rf2 44. Rg4 Rd2+ 45. Ke4 Nd6+ 46. Kd5 d3
47. Rg3 Nxc4 48. Kxc4 e2 49. Re3+ Kd6 50. a6 Kc7 51. Re7+ Kb8 52. Kb5 Ra2 53.
Kb6 Kc8 54. a7 d2 0-1

[Event "MCRE_PF14"]
[Site "?"]
[Date "2004.??.??"]
[Round "?"]
[White "Rotter, Walter"]
[Black "Houska, Jiri"]
[Result "1/2-1/2"]
[WhiteElo "2074"]
[BlackElo "2180"]
[PlyCount "133"]
[EventDate "2004.??.??"]
[EventType "corr"]

1. d4 Nf6 2. c4 g6 3. Nc3 Bg7 4. e4 d6 5. h3 O-O 6. Be3 e5 7. d5 Na6 8. Nf3 Nh5
9. Nd2 Qe8 10. Be2 Nf4 11. Bf1 f5 12. g3 Nh5 13. exf5 gxf5 14. Be2 Nf6 15. Nf3
Nc5 16. Qc2 c6 17. Bxc5 dxc5 18. Rd1 e4 19. Nh4 cxd5 20. cxd5 Bd7 21. Ng2 b5
22. Nf4 c4 23. d6 Qe5 24. Qd2 Rfd8 25. g4 Bc6 26. Rg1 fxg4 27. Bxg4 Nxg4 28.
Rxg4 Kh8 29. Rh4 Qf6 30. Rg4 b4 31. Ncd5 c3 32. bxc3 bxc3 33. Qc1 Bxd5 34. Nxd5
Qe5 35. Rg5 Qxd6 36. Nxc3 Qh6 37. Rg3 Rxd1+ 38. Qxd1 Qc6 39. Qd2 Re8 40. Ne2
Rb8 41. Rb3 Rf8 42. Kf1 Qf6 43. Ng3 e3 44. Qxe3 Qa1+ 45. Qe1 Qxa2 46. Re3 Bd4
47. Re2 Qa6 48. Kg1 Qg6 49. Kg2 Qf7 50. Qd2 Qd5+ 51. Kh2 a5 52. f4 a4 53. Qb4
Ra8 54. Rd2 Rd8 55. Qe7 Qd6 56. Qxd6 Rxd6 57. Rc2 Rd8 58. Nf5 Bf6 59. Rc6 Bb2
60. Ra6 a3 61. Kg3 Kg8 62. Ra7 Rd2 63. Kf3 Bc1 64. Ke4 Re2+ 65. Kd5 a2 66. Ra8+
Kf7 67. Nd6+ 1/2-1/2

[Event "MCRE_PF14"]
[Site "?"]
[Date "2004.??.??"]
[Round "?"]
[White "Paulik, Vaclav"]
[Black "Ksir, Bohumir"]
[Result "1/2-1/2"]
[WhiteElo "2175"]
[BlackElo "2145"]
[PlyCount "120"]
[EventDate "2004.??.??"]
[EventType "corr"]

1. e4 c6 2. d4 d5 3. e5 Bf5 4. Nc3 e6 5. g4 Bg6 6. Nge2 c5 7. h4 h6 8. Be3 Nc6
9. dxc5 Nxe5 10. Nf4 a6 11. Bg2 Nf6 12. Qe2 Qc7 13. Bd4 Be4 14. Bxe4 dxe4 15.
Nxe4 Qc6 16. Nxf6+ gxf6 17. O-O-O Nd7 18. Nh5 e5 19. Be3 O-O-O 20. Ng3 Bxc5 21.
Nf5 Qe6 22. Kb1 h5 23. f3 Kb8 24. Rd3 Qb6 25. Bh6 Bf8 26. Bc1 Nc5 27. Rxd8+
Qxd8 28. Ng3 hxg4 29. fxg4 Ne6 30. c3 Bh6 31. Bxh6 Rxh6 32. Nf5 Rh8 33. Rd1 Qc7
34. Qf3 Rd8 35. Rxd8+ Qxd8 36. Kc1 Qb6 37. a3 Qg1+ 38. Qd1 Qf2 39. h5 e4 40.
Qd6+ Ka8 41. Qd2 Qg1+ 42. Qd1 Qf2 43. h6 e3 44. h7 e2 45. h8=Q+ Ka7 46. Qhh1
exd1=Q+ 47. Qxd1 Qf4+ 48. Kb1 Qe4+ 49. Ka2 Nc5 50. Qd4 Qe6+ 51. c4 b6 52. Qd5
Nd7 53. Ne3 Nc5 54. Qd4 Qe5 55. Nc2 Qe2 56. Nb4 a5 57. Nc6+ Ka6 58. Qd5 Qe6 59.
Nd4 Qxd5 60. cxd5 Nd3 1/2-1/2

[Event "MCRE_PF14"]
[Site "?"]
[Date "2004.??.??"]
[Round "?"]
[White "Cedrych, Karel"]
[Black "Nigrin, Jiri"]
[Result "1-0"]
[WhiteElo "2164"]
[BlackElo "2121"]
[PlyCount "127"]
[EventDate "2004.??.??"]
[EventType "corr"]

1. e4 c5 2. Nf3 Nc6 3. d4 cxd4 4. Nxd4 Nf6 5. Nc3 e5 6. Ndb5 d6 7. Bg5 a6 8.
Na3 b5 9. Nd5 Be7 10. Bxf6 Bxf6 11. c3 Bb7 12. Nc2 Bg5 13. a4 bxa4 14. Rxa4 Nb8
15. Bc4 Nd7 16. Qe2 O-O 17. O-O a5 18. Rfa1 Nb6 19. Nxb6 Qxb6 20. Na3 Bc6 21.
Bb5 Bd8 22. h3 Bb7 23. Bd3 Bc7 24. Nc4 Qc6 25. Nxa5 Rxa5 26. Rxa5 Bxa5 27. Rxa5
Rd8 28. Qc2 Ra8 29. Rxa8+ Bxa8 30. Qb3 Bb7 31. f3 Kf8 32. Bc4 Qc7 33. Kf1 g6
34. g3 f5 35. Bd5 Bxd5 36. Qxd5 fxe4 37. Qxe4 Qa7 38. Kg2 Qa1 39. Qe2 Kf7 40.
c4 Qa4 41. Qd3 Qa2 42. Qc2 Ke6 43. h4 Kf6 44. g4 Ke6 45. h5 Kf6 46. hxg6 hxg6
47. Kf2 Qa7+ 48. Ke2 Qg1 49. Qd3 Qc5 50. b3 Kg7 51. Qc3 Qg1 52. b4 Kf6 53. Qd3
Qh2+ 54. Ke1 Qg1+ 55. Kd2 Qf2+ 56. Kc3 Ke7 57. Qe4 Qf1 58. c5 Kf6 59. cxd6 Qc1+
60. Qc2 Qa3+ 61. Kc4 Qxf3 62. g5+ Kg7 63. Kc5 Qb7 64. Qa4 1-0

[Event "MCRE_PF14"]
[Site "?"]
[Date "2004.??.??"]
[Round "?"]
[White "Cedrych, Karel"]
[Black "Paulik, Vaclav"]
[Result "0-1"]
[WhiteElo "2164"]
[BlackElo "2175"]
[PlyCount "130"]
[EventDate "2004.??.??"]
[EventType "corr"]

1. e4 c5 2. Nf3 Nc6 3. d4 cxd4 4. Nxd4 Nf6 5. Nc3 e5 6. Ndb5 d6 7. Bg5 a6 8.
Na3 b5 9. Bxf6 gxf6 10. Nd5 f5 11. Bd3 Be6 12. O-O Bg7 13. Qh5 f4 14. c4 bxc4
15. Bxc4 O-O 16. Rac1 Rb8 17. b3 Qd7 18. Nb1 Kh8 19. Nd2 f5 20. Nxf4 exf4 21.
Bxe6 Qxe6 22. Rxc6 fxe4 23. Rxa6 Ra8 24. Rxa8 Rxa8 25. a4 d5 26. Rd1 Rb8 27.
Qe2 h6 28. h3 Qb6 29. Rb1 Rg8 30. Kf1 Qg6 31. Qg4 Qd6 32. Rd1 f3 33. Nxf3 exf3
34. Qxf3 d4 35. Qe4 Rb8 36. Rd3 Rc8 37. g4 Rf8 38. Ke2 Qc7 39. Rf3 Rd8 40. Kf1
Qd7 41. Rd3 Re8 42. Qf3 Qd6 43. Kg2 Qe6 44. Qd1 Qd5+ 45. Qf3 Qa5 46. Qf4 Qa8+
47. Qf3 Qa6 48. Qf5 Qc6+ 49. Qf3 Qc7 50. Qd1 Qb6 51. f4 Re6 52. Kg3 Qd6 53. Qc2
Bf6 54. Qc8+ Kg7 55. Qb7+ Re7 56. Qf3 Qb4 57. Qd1 Re4 58. Qd2 Qd6 59. Rf3 Bg5
60. Qd3 Bxf4+ 61. Kg2 Qd5 62. Qc4 Qe5 63. Qc6 Qe7 64. Rf2 Be3 65. Re2 h5 0-1